|
|
|
|
| LEADER |
02315nam a2200613 a 4500 |
| 001 |
nkc20081834826 |
| 003 |
CZ PrNK |
| 005 |
20090320104435.0 |
| 007 |
ta |
| 008 |
081209s2008 xr e p 000 0 cze |
| 015 |
|
|
|a cnb001834826
|
| 020 |
|
|
|a 978-80-7414-048-8
|q (brož.)
|
| 035 |
|
|
|a (OCoLC)316678496
|
| 040 |
|
|
|a OLA001
|b cze
|
| 072 |
|
7 |
|a 7.01/.09
|x Umění
|2 Konspekt
|9 21
|
| 072 |
|
7 |
|a 37.016
|x Učební osnovy. Vyučovací předměty. Učebnice
|2 Konspekt
|9 22
|
| 080 |
|
|
|a 7.07
|2 MRF
|
| 080 |
|
|
|a 7.01/.09
|2 MRF
|
| 080 |
|
|
|a 7.01
|2 MRF
|
| 080 |
|
|
|a 730
|2 MRF
|
| 080 |
|
|
|a 7.038.544
|2 MRF
|
| 080 |
|
|
|a 7.038.55
|2 MRF
|
| 080 |
|
|
|a (075.8)
|2 MRF
|
| 100 |
1 |
|
|a Mrázik, Martin,
|d 1968-
|7 jn20000401815
|4 aut
|
| 245 |
1 |
0 |
|a Výtvarná tvorba - prostorová tvorba /
|c Martin Mrázik
|
| 250 |
|
|
|a Vyd. 1.
|
| 260 |
|
|
|a Ústí nad Labem :
|b Univerzita J.E. Purkyně,
|c 2008
|
| 300 |
|
|
|a 106 s. ;
|c 21 cm +
|e 1 DVD
|
| 490 |
1 |
|
|a Skripta
|
| 500 |
|
|
|a Na obálce nad názvem: Univerzita Jana Evangelisty Purkyně v Ústí nad Labem, Pedagogická fakulta, katedra výtvarné kultury
|
| 500 |
|
|
|a 100 výt.
|
| 504 |
|
|
|a Obsahuje bibliografie
|
| 650 |
0 |
7 |
|a umělecká tvorba
|7 ph126884
|2 czenas
|
| 650 |
0 |
7 |
|a teorie umění
|7 ph126574
|2 czenas
|
| 650 |
0 |
7 |
|a filozofie umění
|7 ph120229
|2 czenas
|
| 650 |
0 |
7 |
|a sochařství
|7 ph125738
|2 czenas
|
| 650 |
0 |
7 |
|a objekty (umění)
|7 ph123590
|2 czenas
|
| 650 |
0 |
7 |
|a instalace (umění)
|7 ph121119
|2 czenas
|
| 650 |
0 |
9 |
|a artistic creation
|2 eczenas
|
| 650 |
0 |
9 |
|a theory of art
|2 eczenas
|
| 650 |
0 |
9 |
|a philosophy of art
|2 eczenas
|
| 650 |
0 |
9 |
|a sculpture
|2 eczenas
|
| 650 |
0 |
9 |
|a objects (art)
|2 eczenas
|
| 650 |
0 |
9 |
|a installations (art)
|2 eczenas
|
| 655 |
|
7 |
|a učebnice vysokých škol
|7 fd133772
|2 czenas
|
| 655 |
|
9 |
|a textbooks (higher)
|2 eczenas
|
| 710 |
2 |
|
|a Univerzita J.E. Purkyně v Ústí nad Labem.
|b Katedra výtvarné kultury
|7 kn20051025036
|
| 810 |
2 |
|
|a Univerzita J.E. Purkyně v Ústí nad Labem.
|t Skripta
|0 s
|
| 856 |
4 |
1 |
|u http://www.digitalniknihovna.cz/mzk/uuid/uuid:7f407340-aff7-11e3-9d7d-005056827e51
|y Digitalizovaný dokument
|x NDK
|
| 910 |
2 |
|
|a BOA001
|b 2-1217.390
|
| 990 |
|
|
|a BK
|
| 995 |
|
|
|a 01
|
| 991 |
|
|
|b 200901
|c NOV
|
| 996 |
6 |
|
|b 2610363245
|c 2-1217.390
|l MZK
|r Sklad / do 1 hodiny
|n 10
|p p.v.
|w 000925326
|u 000010
|a 1
|e BOA001
|j MZK50
|s P
|